01158nam a2200301 a 4500001001100000003000800011006001900019007001500038008004100053010001700094020002100111040002100132035002100153050002300174082001700197100002100214245012500235260005200360300001900412500002000431533015200451546001300603650004300616651002600659655002900685710001700714856012500731ebr5000447CaPaEBRm u cr cn|||||||||121015s2000 hiua sb 001 0 eng  z 98042455  z0824823796 (v.2) aCaPaEBRcCaPaEBR a(OCoLC)83262049914aZ4701b.F67 1998eb04a016.99692211 aForbes, David W.10aHawaiian national bibliographyh[electronic resource].nVol. 2,p1831-1850 /ccompiled and annotated by David W. Forbes. aHonolulu :bUniversity of Hawai'i Press,c2000. a599 p. :bill. aIncludes index. aElectronic reproduction.bPalo Alto, Calif. :cebrary,d2012.nAvailable via World Wide Web.nAccess may be limited to ebrary affiliated libraries. aEnglish. 0aLibrary sciencezHawaiivBibliography. 0aHawaiivBibliography. 7aElectronic books.2local2 aebrary, Inc.40uhttp://site.ebrary.com/lib/rucke/Doc?id=5000447zAn electronic book accessible through the World Wide Web; click to view